书目信息 |
| 题名: |
幼儿歌曲即兴配弹
|
|
| 作者: | 孙思源 , 陈俊芳 主编 | |
| 分册: | ||
| 出版信息: | 成都 四川大学出版社 2013 |
|
| 页数: | 87页 | |
| 开本: | 26cm | |
| 丛书名: | ||
| 单 册: | ||
| 中图分类: | J62 | |
| 科图分类: | ||
| 主题词: | 儿童歌曲--伴奏--幼儿师范学校--教材 | |
| 电子资源: | ||
| ISBN: | 978-7-5614-7139-5 | |
| 000 | 00819ncm0 2200241 450 | |
| 001 | 2370821459 | |
| 005 | 20231210194039.35 | |
| 010 | @a978-7-5614-7139-5@dCNY 18.00 | |
| 100 | @a20140306d2013 em y0chiy0120 ea | |
| 101 | 0 | @achi |
| 102 | @aCN@b510000 | |
| 105 | @ag z 000yy | |
| 200 | 1 | @a幼儿歌曲即兴配弹@Ayou er ge qu ji xing pei tan@b专著@f孙思源,陈俊芳主编 |
| 210 | @a成都@c四川大学出版社@d2013 | |
| 215 | @a87页@d26cm | |
| 300 | @a全国学前教育专业系列规划教材 | |
| 330 | @a本书分为五章,内容包括即兴配弹概述,调性及和弦相关知识,伴奏型,前奏、间奏、尾奏的处等,并附有大量谱例。 | |
| 606 | 0 | @a儿童歌曲@x伴奏@x幼儿师范学校@j教材 |
| 690 | @aJ62@v5 | |
| 701 | 0 | @a孙思源@Asun si yuan@c(职业教育)@4主编 |
| 701 | 0 | @a陈俊芳@Achen jun fang@4主编 |
| 801 | 2 | @aCN@b辽宁北配@c20231205 |
| 905 | @aZUCC@dJ62@e4 | |
| 幼儿歌曲即兴配弹/孙思源,陈俊芳主编.-成都:四川大学出版社,2013 |
| 87页;26cm |
| 全国学前教育专业系列规划教材 |
| ISBN 978-7-5614-7139-5:CNY 18.00 |
| 本书分为五章,内容包括即兴配弹概述,调性及和弦相关知识,伴奏型,前奏、间奏、尾奏的处等,并附有大量谱例。 |
| ● |
| 相关链接 |
|
|
|
正题名:幼儿歌曲即兴配弹
索取号:J62/4
 
预约/预借
| 序号 | 登录号 | 条形码 | 馆藏地/架位号 | 状态 | 备注 |
| 1 | 2001547227 | 2001547227 | 501书库/ [索取号:J62/4] | 在馆 | |
| 2 | 2001547228 | 2001547228 | 501书库/ [索取号:J62/4] | 在馆 | |
| 3 | 2001547229 | 2001547229 | 501书库/ [索取号:J62/4] | 在馆 | |
| 4 | 2001547230 | 2001547230 | 501书库/ [索取号:J62/4] | 在馆 | |
| 5 | 2001547231 | 2001547231 | 501书库/ [索取号:J62/4] | 在馆 | |
| 6 | 2001547232 | 2001547232 | 501书库/ [索取号:J62/4] | 在馆 | |
| 7 | 2001547233 | 2001547233 | 315书库/ [索取号:J62/4] | 在馆 | |
| 8 | 2001547234 | 2001547234 | 315书库/ [索取号:J62/4] | 在馆 | |
| 9 | 2001547235 | 2001547235 | 315书库/ [索取号:J62/4] | 在馆 | |
| 10 | 2001547236 | 2001547236 | 315书库/ [索取号:J62/4] | 在馆 | |
| 11 | 2001547237 | 2001547237 | 315书库/ [索取号:J62/4] | 在馆 | |
| 12 | 2001547238 | 2001547238 | 315书库/ [索取号:J62/4] | 在馆 | |
| 13 | 2001547239 | 2001547239 | 第四书库/四21架A面6层1列/ [索取号:J62/4] | 在馆 | |
| 14 | 2001547240 | 2001547240 | 第四书库/四21架A面6层1列/ [索取号:J62/4] | 在馆 | |
| 15 | 2001547241 | 2001547241 | 第四书库/四21架A面6层1列/ [索取号:J62/4] | 在馆 | |
| 16 | 2001547242 | 2001547242 | 第四书库/四21架A面6层1列/ [索取号:J62/4] | 在馆 | |
| 17 | 2001547243 | 2001547243 | 第四书库/四21架A面6层1列/ [索取号:J62/4] | 在馆 | |
| 18 | 2001547244 | 2001547244 | 第四书库/四21架A面6层1列/ [索取号:J62/4] | 在馆 | |
| 19 | 2001547245 | 2001547245 | 第四书库/四19架A面7层1列/ [索取号:J62/4] | 在馆 | |
| 20 | 2001547246 | 2001547246 | 第四书库/四19架A面7层1列/ [索取号:J62/4] | 在馆 | |
| 21 | 2001547247 | 2001547247 | 第四书库/四19架A面7层1列/ [索取号:J62/4] | 在馆 | |
| 22 | 2001547248 | 2001547248 | 第四书库/四19架A面7层1列/ [索取号:J62/4] | 在馆 | |
| 23 | 2001547249 | 2001547249 | 第四书库/四19架A面7层1列/ [索取号:J62/4] | 在馆 | |
| 24 | 2001547250 | 2001547250 | 第四书库/四19架A面7层1列/ [索取号:J62/4] | 在馆 | |
| 25 | 2001547251 | 2001547251 | 第四书库/四19架A面7层1列/ [索取号:J62/4] | 在馆 | |
| 26 | 2001547252 | 2001547252 | 第四书库/四19架A面7层1列/ [索取号:J62/4] | 在馆 | |
| 27 | 2001547253 | 2001547253 | 第四书库/四19架A面7层1列/ [索取号:J62/4] | 在馆 | |
| 28 | 2001547254 | 2001547254 | 第四书库/四19架A面7层1列/ [索取号:J62/4] | 在馆 | |
| 29 | 2001547255 | 2001547255 | 第四书库/四19架A面7层1列/ [索取号:J62/4] | 在馆 | |
| 30 | 2001547256 | 2001547256 | 第四书库/四19架A面7层1列/ [索取号:J62/4] | 在馆 |